000 00908nam a22002537a 4500
001 9588
003 FISKH
005 20260130112331.0
008 260123b cb ||||| |||| 00| 0 eng d
020 _a9780099740919
040 _aFISKH
_beng
_cFISKH
_dFISKH
050 _aPR9199.3 .A8
082 _a813.54
100 _aAtwood , Margarer
245 _aThe handmaid's tale /
_bBy Margaret Atwood
260 _aLodon :
_bVintage ,
_c1985 .
300 _a320 pages :
_billustrations ;
_c20 cm .
490 _aThe Handmaid's Tale
_v1
520 _aThis look at the near future presents the story of Offred, a Handmaid in the Republic of Gilead, once the United States, an oppressive world where women are no longer allowed to read and are valued only as long as they are viable for reproduction.
650 _aDystopian
_vFiction
650 _aFeminism
_vFiction
942 _2ddc
_cBK
_n0
999 _c9588
_d9588